00741nam a22002417a 4500003000400000005001700004008004100021010001300062020002300075035001300098037001600111040002200127082001900149100001700168245007400185260005900259270004600318300002200364500005100386650002200437650001700459700002300476dpl20210302115121.0210302b ||||| |||| 00| 0 eng d aA-470357 c300.00a8171003133 aA-470357 bCen Lib/Ret aDPLbENcDBAD/PUB a332.31068bRAY aRayudu, C.S. aManagement of rural banking /cby C.S. Rayudu [and] C.N. Krishna Naik aNew DelhibDeep & Deep Publications Pvt. Ltd. c1991 aF-159, Rajouri Garden bNew Delhie110027 a384p. :c20cm(Hb) aIncludes bibliographical references and index. aRural development aRural credit aNaik, C.N. Krishna